The Supreme Court Criminal Appeal No. 20 of 1994 Appolo Nasolo Wamanga Vs Uganda. (Record no. 2787)

MARC details
000 -LEADER
fixed length control field 00722nam a22001337a 4500
008 - FIXED-LENGTH DATA ELEMENTS--GENERAL INFORMATION
fixed length control field 110613t xxu||||| |||| 00| 0 eng d
010 ## - LIBRARY OF CONGRESS CONTROL NUMBER
LC control number SCCAF 26
245 ## - TITLE STATEMENT
Title The Supreme Court Criminal Appeal No. 20 of 1994 Appolo Nasolo Wamanga Vs Uganda.
260 ## - PUBLICATION, DISTRIBUTION, ETC. (IMPRINT)
Date of publication, distribution, etc 1994
500 ## - GENERAL NOTE
General note Coram: Odoki , J.S.C., Oder, J.S.C., & Tsekooko , J.S.C.
500 ## - GENERAL NOTE
General note Appeal against conviction and sentence of the High Court decision holden at Mbale (by S.G. Engwau , J.) dated 21 may 1994 in High Court Criminal Session Case No . 89 of 1993
Holdings
Withdrawn status Lost status Source of classification or shelving scheme Damaged status Koha normalized classification for sorting Not for loan Location (home branch) Sublocation or collection (holding branch) Shelving location Date acquired Koha issues (times borrowed) Koha full call number Piece designation (barcode) Koha date last seen Price effective from Koha item type
    Dewey Decimal Classification   SCCAF_26   Law Development Centre Main Library Law Development Centre Main Library Law Reports 06/13/2011   SCCAF 26 20/1994/5 06/13/2011 06/13/2011 Un Reported Cases
    Dewey Decimal Classification   SCCAF_26   Law Development Centre Main Library Law Development Centre Main Library Law Reports 06/13/2011   SCCAF 26 20/1994/6 06/13/2011 06/13/2011 Un Reported Cases